000 00797nam a22002175i 4500
001 68675
003 ES-MaACL
005 20250809042453.0
007 t|
008 960813s1858 sp ||||1| spa d
080 _a341.231.14
100 1 _aGayoso de la Rua, Francisco de Borja.
_956154
245 1 0 _aDiscurso leído en la Universidad Central... en el acto de recibir la investidura de doctor /
_cpor ... Francisco de Borja Gayoso de la Rua.
260 _aMadrid :
_b[s.n.],
_c1858 (
_fImp. de Santiago Aguado y Compañía)
300 _a13 p. ;
_c23 cm.
594 _aTema del discurso: De los derechos imprescriptibles e inalienables
650 7 _aDerechos humanos
_2embne
_911770
710 2 _aUniversidad Central (Madrid)
_97084
852 4 _aES-MaACL
_jT-54-F-10
999 _c68675
_d68675